000 00334nam a2200133Ia 4500
008 230917s9999||||xx |||||||||||||| ||und||
040 _e153541
_aMAIN
041 _aEnglish
082 _aB J334R:J
100 _aRaghuvansh
245 0 _aJayaprakash Narayan ke vichar
260 _aAllahabad
_bLok Bharti Prakashan
_c196
942 _cBK
999 _c158422
_d158422